A Christmas Carol Franchise - Statistics

General Stats
  • This quiz has been taken 58 times
  • The average score is 117 of 254
Answer Stats
Type Year Name Info % Correct
Short Film 1923 A Christmas Carol Walturdaw
100%
Film 1951 Scrooge Renown Pictures
100%
Short Film 1908 A Christmas Carol Essanay Studios
95%
Short Film 1910 A Christmas Carol Edison Manufacturing Company
95%
Short Film 1914 A Christmas Carol Fenning / Comofotofilm Company
95%
Radio Play 1923 A Christmas Carol BBC
95%
Radio Play 1934 A Christmas Carol CBS
95%
TV Film 1936 A Christmas Carol BBC
95%
Film 1938 A Christmas Carol MGM
95%
Audio Drama 1940s A Christmas Carol Columbia Recordings
95%
Audio Drama 1941 A Christmas Carol Decca Records
95%
Audio Drama 1941 A Christmas Carol RCA Victor
95%
TV Film 1944 A Christmas Carol WABD
95%
TV Film 1947 A Christmas Carol DuMont Television Network
95%
Comic Book 1948 A Christmas Carol The Gilberton Company, Inc.
95%
TV Film 1950 A Christmas Carol BBC
95%
Radio Play 1951 A Christmas Carol BBC
95%
Film 1960 A Christmas Carol Anglo-Amalgamated
95%
Audio Drama 1960 A Christmas Carol Audio Book Records
95%
Audio Drama 1960 A Christmas Carol Caedmon Records
95%
Musical 1964 A Christmas Carol Tim Dietlein
95%
Radio Play 1965 A Christmas Carol BBC
95%
TV Film 1969 A Christmas Carol API
95%
TV Short 1971 A Christmas Carol ABC
95%
Play 1972 A Christmas Carol Keith Fowler
95%
Radio Play 1973-1987 A Christmas Carol WNBC
95%
Play 1974 A Christmas Carol The Guthrie Theater
95%
Musical 1974 A Christmas Carol Ira David Wood III
95%
Play 1975 A Christmas Carol Milwaukee Repertory Theater
95%
Play 1975 A Christmas Carol Barbara Field
95%
Musical 1976 A Christmas Carol Charles Jones
95%
Play 1977 A Christmas Carol Theatre Memphis
95%
TV Film 1977 A Christmas Carol BBC
95%
Play 1978 A Christmas Carol Goodman Theatre
95%
Opera 1978 A Christmas Carol Thea Musgrave
95%
Comic Book 1978 A Christmas Carol Marvel Comics
95%
Radio Play 1979 A Christmas Carol KGO News/Talk
95%
Radio Play 1980s A Christmas Carol NPR
95%
Play 198? A Christmas Carol Academy Theatre / Alliance Theatre
95%
Play 1980 A Christmas Carol Jerry Patch
95%
Play 1981 A Christmas Carol Nagle Jackson
95%
Musical 1981 A Christmas Carol Hartman Theatre
95%
TV Film 1982 A Christmas Carol Nine Network
95%
Play 1982 A Christmas Carol Neal Radice
95%
Play 1983 A Christmas Carol Jeffrey Sanzel
95%
TV Film 1984 A Christmas Carol CBS
95%
Musical 1985 A Christmas Carol Billie Brown
95%
Play 1988 A Christmas Carol Charles Dickens / Patrick Stewart
95%
Radio Play 1990 A Christmas Carol BBC Radio 4
95%
Comic Book 1990 A Christmas Carol Berkley First Publishing
95%
Ballet 1992 A Christmas Carol Northern Ballet
95%
Play 1993 A Christmas Carol Gerald Charles Dickens
95%
Play 1993 A Christmas Carol Christopher Schario
95%
Musical 1994 A Christmas Carol Alan Menken
95%
Film 1994 A Christmas Carol Cayre Brothers / Jetlag Productions
95%
Ballet 1994 A Christmas Carol The Ulster Ballet Company
95%
Play 1996 A Christmas Carol Neil Bartlett
95%
Radio Play 1996 A Christmas Carol Focus on the Family Radio
95%
Film 1997 A Christmas Carol 20th Century Fox
95%
Musical 1997 A Christmas Carol Steve Parsons
95%
TV Film 1999 A Christmas Carol TNT
95%
Radio Play 1999 A Christmas Carol Galaxy FM
95%
Radio Play 1999 A Christmas Carol WBZ Newsradio 1030
95%
TV Film 2000 A Christmas Carol ITV
95%
Short Film 2002 A Christmas Carol BBC Films
95%
Play 2003 A Christmas Carol Greg Oliver Bodine
95%
Play 2003 A Christmas Carol Karen Louise Hebden
95%
Play 2003 A Christmas Carol Scott Harrison
95%
Audio Drama 2003 A Christmas Carol Random House
95%
TV Film 2004 A Christmas Carol NBC
95%
Radio Play 2004 A Christmas Carol Sirius XM
95%
Film 2006 A Christmas Carol Genius Entertainment / Kidtoon Films / Image Entertainment
95%
Play 2006 A Christmas Carol Ron Severdia
95%
Play 2006 A Christmas Carol Jeannette Jaquish
95%
Play 2007 A Christmas Carol Jacqueline Goldfinger
95%
Play 2007 A Christmas Carol Tom Haas
95%
Play 2007 A Christmas Carol Adam Graham
95%
Audio Drama 2007 A Christmas Carol Frank Sinatra School of the Arts
95%
Comic Book 2007 A Christmas Carol Saddleback Educational Publishing
95%
Play 2008 A Christmas Carol Bryony Lavery
95%
Film 2009 A Christmas Carol Disney
95%
Play 2009 A Christmas Carol Alexandria Haber
95%
Play 2010 A Christmas Carol Jim Cook Jr.
95%
Play 2010 A Christmas Carol The Pantaloons
95%
Play 2010 A Christmas Carol Preston Lane
95%
Musical 2010 A Christmas Carol Bruce Greer / Keith Ferguson
95%
Comic Book 2010 A Christmas Carol Campfire Classics
95%
Comic Book 2010 A Christmas Carol Graphic Classics
95%
Play 2011 A Christmas Carol Graham McLaren
95%
Musical 2012 A Christmas Carol Ben Horslen / John Riseboro
95%
Film 2012 A Christmas Carol Pop Twist Entertainment
95%
Audio Drama 2012 A Christmas Carol AudioGo Ltd.
95%
Graphic Novel 2012 A Christmas Carol Stephen L. Stern
95%
Radio Play 2014 A Christmas Carol BBC Radio 4
95%
Audio Drama 2014 A Christmas Carol Texas Shakespeare Festival
95%
Opera 2014 A Christmas Carol Iain Bell
95%
Play 2015 A Christmas Carol Patrick Barlow
95%
Audio Drama 2016 A Christmas Carol Audible
95%
Play 2017 A Christmas Carol Jack Thorne
95%
Play 2017 A Christmas Carol David Edgar
95%
Play 2017 A Christmas Carol Deborah McAndrew
95%
Film 2018 A Christmas Carol BBC Films
95%
Film 2018 A Christmas Carol Assembly Christmas Carol / BBC Films / The Space
95%
TV Mini-Series 2019 A Christmas Carol BBC One / FX
95%
Play 2019 A Christmas Carol Royal Lyecum Theatre
95%
Film 2020 A Christmas Carol Runestone Pictures
95%
Audio Drama ???? A Christmas Carol Audible
95%
Novella 1843 A Christmas Carol. In Prose. Being a Ghost Story of Christmas Charles Dickens
95%
Graphic Novel 2008 A Christmas Carol: The Graphic Novel Sean Michael Wilson / Mike Collins
95%
Musical 2005 A Christmas Carol: the Musical Stephen DeCesare
95%
Musical 2005 A Christmas Carol: The Traditional Story with Modern Music Matt Corriel
95%
Opera 1998 The Passion of Scrooge (or A Christmas Carol) Jon Deak
95%
Audio Drama ???? Charles Dickens: A Christmas Carol Peter Pan Records
75%
Audio Drama 1972 Disney's A Christmas Carol Disney
75%
Short Film 1901 Scrooge, or, Marley's Ghost Robert W. Paul
65%
Short Film 1913 Scrooge Zenith Film Company
60%
Short Film 1928 Scrooge British Sound Film Productions
60%
Film 1935 Scrooge Twickenham Film Studios
60%
Film 1970 Scrooge National General Pictures
60%
Radio Play 1995 Scrooge BBC Radio 2
60%
Musical 2006 Scrooge! Ken Skrzesz
60%
Radio Play 2015 Scrooge WNYC
60%
Play 1991 Scrooge!: A Dickens of a One-Man Show Kevin Norberg
60%
Musical 1992 Scrooge: The Musical Leslie Bricusse
60%
Film 1988 Scrooged Paramount
40%
TV Film 1998 Ebenezer TNT
35%
Musical 2011 Ebenezer Maurice Walters / Christopher Sparkhall
35%
Film 1992 The Muppet Christmas Carol Disney
30%
Short Film 1983 Mickey's Christmas Carol Disney
20%
TV Special 1949 The Christmas Carol ????
20%
Graphic Novel 2004 Christmas Carol Dick Matena
15%
Film 2001 Christmas Carol: The Movie Pathé Distribution
15%
TV Film 2003 A Carol Christmas Hallmark Channel
5%
Theme Park Attraction 2003 A Dickens' Christmas Carol Silver Dollar City
5%
Film 1998 An All Dogs Christmas Carol MGM
5%
Film 2008 An American Carol Vivendi Entertainment
5%
TV Film 1979 An American Christmas Carol ABC
5%
TV Film 1990 Bah, Humbug!: The Story of Charles Dickens' 'A Christmas Carol' PBS
5%
TV Film 1995 Ebbie Lifetime
5%
Novella 2017 Marley ????
5%
Film TBA Marley Disney
5%
Novel 2019 Marley: A Novel Jon Clinch
5%
TV Special 1962 Mister Magoo's Christmas Carol NBC
5%
Film 2019 2nd Chance for Christmas DeInstitutionalized / End of the Rose
0%
TV Film 1964 A Carol for Another Christmas ABC
0%
Novel 2013 A Christmas Boner Conor Lastowka
0%
Play 1990 A Christmas Carol - A Ghost Story of Christmas Michael Wilson
0%
Play 2009 A Christmas Carol - As Told by Jacob Marley (Deceased) James Hyland
0%
TV Special 2017 A Christmas Carol Goes Wrong BBC
0%
Novel 2016 A Christmas Carol II: The Rise of the Juggernauts Nicholas Kaminsky
0%
Short Story 2019 A Christmas Carol Sequel: "The Redemption of Jacob Marley" Andrew Passehl
0%
Play 2009 A Christmas Chuckle The Chuckle Brothers
0%
Film 2007 A Dennis the Menace Christmas Warner Bros.
0%
TV Film 2000 A Diva's Christmas Carol VH1
0%
Novel 2019 A Fifth Visitor: Or How Scrooge Kept Christmas John D. Payne
0%
TV Film 1994 A Flintstones Christmas Carol ABC
0%
Play 2007 A Klingon Christmas Carol Christopher Kidder-Mostrom / Sasha Warren
0%
Film 2013 All American Christmas Carol Eagle Films / Gravitas Ventures
0%
Play 2019 An Actors Carol Charles Evered
0%
Musical 2010 An American Country Christmas Carol Scott Logsdon
0%
Novella 2012 An Amish Christmas Carol Sarah Price
0%
Play 2018 An Evening with Charles Dickens Reading A Christmas Carol Ronald Rand
0%
Film 2006 A Sesame Street Christmas Carol Sony
0%
Film 2006 Bah, Humduck! A Looney Tunes Christmas Warner Bros.
0%
Film 2008 Barbie in 'A Christmas Carol' Universal
0%
Comic Book 2011 Batman: Noël DC Comics
0%
TV Special 1988 Blackadder's Christmas Carol BBC1
0%
TV Special 1992 Brer Rabbit's Christmas Carol ????
0%
Short Film 1979 Bug Bunny's Christmas Carol Warner Bros.
0%
TV Special 1969 Carry On Christmas ITV
0%
Novel 2015 Changed by Christmas: The Sequel to Charles Dickens's A Christmas Carol Elizabeth W. Watkins
0%
Play 2015 Charles Dickens Writes A Christmas Carol Richard Quesnel
0%
TV Film 2005 Chasing Christmas ABC Family
0%
TV Film 2010 Christmas Cupid ABC Family
0%
TV Film 1946 Christmas Night BBC
0%
Novel 2019 Christmas Parcel: Sequel to Charles Dickens' Classic "A Christmas Carol" Alydia Rackham
0%
Musical 2019 Dolly Parton's Smoky Mountain Christmas Carol Dolly Parton
0%
TV Film 2009 Dora's Christmas Carol Adventure ????
0%
Musical 2010 Ebenezer Ever After Don Flowers / Fred Walton
0%
Novella 2019 Ebenezer's First Noel: A Prequel to The Christmas Carol Philip Wik
0%
TV Film 1955 Eye on New York ????
0%
Play 2004 Fellow Passengers Greg Carter
0%
Film 2009 Ghosts of Girlfriends Past Warner Bros.
0%
Novel 1985 God Bless Us Every One!: Being an Imagined Sequel to a Christmas Carol Andrew Angus Dalrymple
0%
Novella 2005 Hanukkah, Shmanukkah! Esme Raji Codell
0%
Play 2017 Humbug Chuck Puckett
0%
Novel 2009 I Am Scrooge: A Zombie Story for Christmas Adam Roberts
0%
Radio Special 2003 I'm Sorry I Haven't a Christmas Carol BBC Radio 4
0%
TV Film 2012 It's Christmas, Carol! Hallmark Channel
0%
Film 1953 It's Never Too Late Olympic Film
0%
Novel 2017 Jacob - A Denouement in One Act Kimann Schultz
0%
Play 1994 Jacob Marley's Christmas Carol Tom Mula
0%
Novel 2014 Jacob T. Marley William R. Bennett
0%
TV Film 1986 John Grin's Christmas ABC
0%
TV Film 2004 Karroll's Christmas A&E
0%
TV Special 2013 Kelly Clarkson's Cautionary Christmas Music Tale NBC
0%
Novel 2000 Marley's Ghost Mark Hazard Osmun
0%
Play 2003 Marley's Ghost Jeff Goode
0%
Novel 2005 Marly's Ghost: A Remix of Charles Dickens' A Christmas Carol David Levithan
0%
Novel 2019 Mary's Song: A Sequel to Charles Dickens' A Christmas Carol Dixie Distler
0%
Video Game 2010 Mega Man Christmas Carol Sprites Inc.
0%
Video Game 2011 Mega Man Christmas Carol 2 Sprites Inc.
0%
Opera 1958 Mister Scrooge Ján Cikker
0%
Film 2013 Mister Scrooge to See You Salty Earth Pictures
0%
Musical 2002 Mrs. Bob Cratchit's Wild Christmas Binge Christopher Durang
0%
TV Film 1964 Mr. Scrooge CBC
0%
Novel 2003 Mr. Timothy Louis Bayard
0%
Film 2014 My Dad Is Scrooge MarVista Entertainment
0%
TV Special 2009 Nan's Christmas Carol BBC One
0%
Comic Strip 2009 Of Christmas Past Iconic
0%
Novel 2012 One Last Christmas Carol: The Saga of Scrooge Continues T. J. Cloonan
0%
TV Special 1979 Rich Little's Christmas Carol HBO
0%
Radio Play 2016 Scrooge Blues BBC Radio 4
0%
Novel 2002 Scrooge & Cratchit Matt McHugh
0%
Musical 2015 Scrooge in Love! Larry Grossman
0%
TV Film 2001 Scrooge & Marley ????
0%
Film 2012 Scrooge & Marley Sam I Am Films
0%
Play 2014 Scrooge's Long Night ????
0%
Novel 2012 Scrooge: The Year After Judy La Salle
0%
Short Story 2014 Scroogical ????
0%
TV Film 1979 Skinflint: A Country Christmas Carol NBC
0%
Podcast Parody 2017 Soylent Scrooge; or Christmas Is Made of People The Damn Dirty Drive-In
0%
Novel 2006 Starring Tracy Beaker Jacqueline Wilson
0%
Play 2003 Steve Nallon's Christmas Carol Steve Nallon
0%
Short Story 2014 The Death of Tiny Tim Joseph L. Calvarese
0%
Film 1998 The Ghosts of Dickens' Past ????
0%
Musical 1982 The Gospel According to Scrooge Historic State Theater
0%
Novel 1998 The Haunted Tea-Cosy: A Dispirited and Distasteful Diversion for Christmas Edward Gorey
0%
Novella 2004 The Haunting Refrain to Charles Dickens' "A Christmas Carol" ????
0%
Novel 2003 The Last Christmas of Ebenezer Scrooge: The Sequel to A Christmas Carol Marvin Kaye
0%
Novel 2015 The Life and Times of Bob Cratchit: A Background Story to Charles Dickens' A Christmas Carol Dixie Distler
0%
Film 2017 The Man Who Invented Christmas Elevation Pictures / Wildcard Distribution / Bleecker Street
0%
Play 1993 The Marley Carol ????
0%
Musical 2005 The Misadventures of the Wholesome Twins Jason Vitteri-Lewis / Walter Frasier
0%
Film 2018 The Passion of Scrooge Zen Violence Films
0%
Film 1916 The Right to Be Happy Universal
0%
Musical 1990 The Scrooge Diary Avril Kelly
0%
Short Film 2011 The Smurfs: A Christmas Carol Sony
0%
Novel 2018 The Society of Scrooge: The Further Trials and Triumphs of Scrooge and His Companions Judy La Salle
0%
Novel 1998 The Spirit of the Season Don Flowers
0%
TV Film 1956 The Stingiest Man in Town NBC
0%
TV Special 1978 The Stingiest Man in Town ABC
0%
Novella 2016 The Three Scrooges Jeff Lane
0%
Novel 2001 The Trial of Ebenezer Scrooge Mark Brown
0%
Play 2007 The Trial of Ebenezer Scrooge Mark Brown
0%
Novel 2014 Tim Cratchit's Christmas Carol: The Sequel to the Celebrated Dickens Classic Jim Piecuch
0%
Novel 1998 Timothy Cratchit's Christmas Carol, 1917 Dale K. Powell
0%
Novella 2018 Tiny Tim and The Ghost of Ebenezer Scrooge: The Sequel to A Christmas Carol Norman Whaler
0%
Play 1998 Tiny Tim Is Dead Barbara Lebow
0%
Short Story 1986 Tiny Tim Strikes Back 'Chuck Dickens'
0%
Play 2016 Turn of the Scrooge The Pantaloons
0%
Novel 2013 What Did Scrooge Do Next? A Fascinating Sequel to Charles Dickens's Famous Story 'A Christmas Carol' Michael Allen
0%
Short Story 1992 Whatever Became of Tiny Tim? John Mortimer
0%
Comic Book 2011 Zombies Christmas Carol Marvel Comics
0%
No matching quizzes found
Score Distribution
Percent of People with Each Score
Percentile by Number Answered
Your Score History
You have not taken this quiz